Modern Family Quiz - Statistics

General Stats
  • This quiz has been taken 89 times
  • The average score is 4 of 15
Answer Stats
Question Answer % Correct
Who are Phil and Claire’s alter egos? Clive and Julianna
70%
What was Manny’s ‘Canadian’ girlfriends full name? Sherry Shaker
54%
Why did Gloria throw the angel out of the car? Spider
51%
Who does Claire run against for town council? Duane Bailey
34%
What was Gloria’s nickname on the dude ranch? Cactus Flower
31%
What is Haley’s middle name? Gwendolyn
28%
What is the name of Pepper and Ronaldo’s son? Lionel
26%
How many pets do all three families have between them? Six
24%
What invention of Phil and Luke’s went wrong? The Head Scratcher TM
23%
What does Lily see Phil do that makes Phill call her a ‘know it all’? Sneeze on the cake
19%
Who did Phil’s dad marry after Phil’s mum? Lorraine
16%
Who did Dylan meet/work for when he ran from the dude ranch? Jake
5%
Where did Haley, Dylan and the twins live when they moved out? Mitch and Cam’s old house
5%
What does SCARB stand for? Southern Californian Annual Realtors Banquet
5%
Who is ‘the guy with the arm’? Spencer Patine
4%
No matching quizzes found
Score Distribution
Percent of People with Each Score
Percentile by Number Answered
Your Score History
You have not taken this quiz